Thessaloniki Airport Destinations (Thessaloniki, Greece) - Statistics

General Stats
  • This quiz has been taken 142 times
    25 since last reset
  • The average score is 76 of 104
Answer Stats
Airline Destination % Correct
Aegean Airlines/Sky Express Athens
100%
Aegean Airlines Barcelona
100%
Aegean Airlines/easyJet/Ryanair Berlin
100%
Ryanair/Scandinavian Airlines Copenhagen
100%
Aegean Airlines/Turkish Airlines Istanbul
100%
British Airways London (City)
100%
British Airways/easyJet/Jet2.com/TUI Airways London (Gatwick)
100%
British Airways London (Heathrow)
100%
easyJet London (Luton)
100%
Jet2.com/Ryanair London (Stansted)
100%
Aegean Airlines/easyJet Milan (Malpensa)
100%
Ryanair Naples
100%
Norwegian Air Shuttle Oslo
100%
Aegean Airlines/Ryanair Rome (Fiumicino)
100%
Norwegian Air Shuttle/Ryanair/Scandinavian Airlines Stockholm (Arlanda)
100%
Austrian Airlines/Ryanair/Smartwings Vienna
100%
Aegean Airlines/Enter Air/LOT Polish Airlines Warsaw (Chopin)
100%
Ryanair Warsaw (Modlin)
100%
Air Serbia Belgrade
95%
Aegean Airlines/Transavia/TUI fly Belgium Brussels
95%
Animawings/Ryanair/TAROM Bucharest (Otopeni)
95%
Ryanair/Wizz Air Budapest
95%
Swiss International Air Lines Geneva
95%
Aegean Airlines/Eurowings Hamburg
95%
Finnair/Ryanair Helsinki
95%
Ryanair Kraków
95%
Aegean Airlines/Lufthansa Munich
95%
Aegean Airlines/Air France Paris (Charles de Gaulle)
95%
Transavia Paris (Orly)
95%
Aegean Airlines/Sky Express/Smartwings Prague
95%
Aegean Airlines/Swiss International Air Lines Zürich
95%
easyJet/Transavia Amsterdam
91%
Jet2.com/TUI Airways Birmingham
91%
Aegean Airlines/Eurowings Cologne/Bonn
91%
Ryanair Dublin
91%
Aegean Airlines/Eurowings/Sky Express Düsseldorf
91%
Aegean Airlines/Lufthansa Frankfurt
91%
Luxair Luxembourg
91%
airBaltic Riga
91%
Aegean Airlines Venice
91%
Ryanair Zagreb
91%
easyJet Basel/Mulhouse
86%
easyJet/Jet2.com/TUI Airways Manchester
86%
Aegean Airlines/Sky Express Mykonos
86%
Aegean Airlines/Eurowings Stuttgart
86%
Aegean Airlines/Arkia/Bluebird Airways/Israir/Sun d'Or/TUS Airways/Wizz Air Tel Aviv
86%
Aegean Airlines/Ryanair/Sky Express Heraklion
82%
Jet2.com Leeds/Bradford
82%
Ryanair Malta
82%
Aegean Airlines Rhodes
82%
Aegean Airlines Santorini
82%
Ryanair Bratislava
77%
easyJet/Jet2.com/TUI Airways Bristol
77%
Animawings Cluj-Napoca
77%
Ryanair/Sky Express Corfu
77%
Aegean Airlines Dubrovnik
77%
Jet2.com Edinburgh
77%
Ryanair Hahn
77%
Aegean Airlines Kos
77%
Aegean Airlines/Cyprus Airways/Sky Express/Wizz Air Larnaca
77%
Ryanair Bologna
73%
Aegean Airlines/Ryanair Chania
73%
Aegean Airlines/Eurowings Hanover
73%
Jet2.com Newcastle upon Tyne
73%
Eurowings Salzburg
73%
Ryanair Sarajevo
73%
Ryanair Bergamo
68%
Enter Air Gdańsk
68%
Ryanair Gothenburg
68%
Smartwings Katowice
68%
Ryanair Paphos
68%
Enter Air/Ryanair/Smartwings Poznań
68%
Aegean Airlines Zakynthos
68%
Jet2.com East Midlands
64%
Aegean Airlines/FlyOne Yerevan
64%
Ryanair Beauvais
59%
Ryanair Charleroi
59%
Animawings Iași
59%
Aegean Airlines Kalamata
59%
Aegean Airlines/Ryanair Nuremberg
59%
Smartwings Brno
55%
Eurowings/Ryanair Dortmund
55%
Ryanair Memmingen
55%
Aegean Airlines Tbilisi
55%
SkyUp Chișinău
50%
Ryanair Eindhoven
50%
Olympic Air/Sky Express Samos
50%
Animawings Timișoara
50%
SkyAlps Bolzano
45%
Aegean Airlines İzmir
41%
Ryanair Karlsruhe/Baden-Baden
41%
Olympic Air/Sky Express Chios
32%
Olympic Air Lemnos
32%
Ryanair Weeze
32%
Aegean Airlines/Sky Express Mytilene
27%
Wizz Air Kutaisi
23%
Aegean Airlines Naxos
23%
Ryanair Treviso
23%
Aegean Airlines Milos
14%
Aegean Airlines/Sky Express Paros
14%
Air Serbia Kraljevo
9%
Sky Express Skyros
9%
Olympic Air Ikaria
5%
Aegean Airlines Syros
5%
No matching quizzes found
Score Distribution
Percent of People with Each Score
Percentile by Number Answered
Your Score History
You have not taken this quiz since the last reset